000 01095nam a2200253 a 4500
001 39854
003 BD-RjUL
005 20211209053056.0
008 160419m20132004bg ||||| b||| 001 0 ben d
020 _a9789842003011
_c: Tk. 600.00
035 _a(BD-RjUL)
040 _aBD-RjUL
_bben
_cBD-RjUL
_dBD-RjUL
041 _aben
082 _223
_a320.95492
_bCHB 2013
100 _aচোধুরী, মোহাম্মদ সেকান্দর
_9122784
245 0 0 _aবাংলার মুসলিম সমাজ ও রাজনীতি:
_b১৯২৫ - ১৯৪০ /
_cমোহাম্মদ সেকান্দর চোধুরী
250 _a২য় সংস্করণ
260 _aঢাকা :
_bঅ্যাডর্ন পাবলিকেশন,
_c২০১৩.
300 _axiv, ৩০১ পৃ. ;
_c২২ সেমি.
504 _aগ্রন্থপঞ্জি ও নির্ঘণ্ট সংযুক্ত
650 _aরাজনীতি
_zবাংলাদেশ
_9120022
650 _aPolitics
_zBangladesh
_9120023
942 _2ddc
_cBK
999 _c39854
_d39854